02342cam a22002655a 4500999001700000005001700017008004100034020001800075040003600093082002400129100002700153245009600180250004700276260005000323300003700373504005100410520133500461650002501796650003101821650003901852651001001891653002401901942000801925952014301933 c27312d2728320190404114712.0151210s2018 ii a frb 001 0 eng d a9788120351110 aUkbengcUkdEG-ScBUEdEG-ScBUE04a621.381542bSOL2221 aSolanki, Chetan Singh.10aSolar photovoltaics :bfundamentals, technologies and applications /cChetan Singh Solanki. a9th printing, 3rd ed., Eastern economy ed. aDelhi :bPHI learning private limited,c2018. axxxiii, 506 p. :bill. ;c24 cm. aIncludes bibliographical references and index. aThis thoroughly revised text, now in its third edition, continues to provide a detailed discussion on all the aspects of solar photovoltaic (PV) technologies from physics of solar cells to manufacturing technologies, solar PV system design and their applications. The Third Edition includes a new chapter on Advances in C-Si Cell Processes Suitable for Near Future Commercialization (Chapter 8) to introduce the technological advancement in the commercial production to keep the readers up to date. Organized in three parts, Part I introduces the fundamental principles of solar cell operation and design, Part II explains various technologies to fabricate solar cells and PV modules and Part III focuses on the use of solar photovoltaic as part of the system for providing electrical energy. In addition to this, numerous chapter-end exercises are given to reinforce the understanding of the subject. The text is intended for the undergraduate and postgraduate students of engineering for their courses on solar photovoltaic technologies and renewable energy technologies. The book is of immense use for teachers, researchers and professionals working in the photovoltaic field. In a nutshell, this book is an absolute must-read for all those who want to understand and apply the basics behind photovoltaic devices and systems. 7aSolar energy.2BUEsh 7aPhotovoltaic cells.2BUEsh 7aPhotovoltaic power systems.2BUEsh 2BUEsh bEENERGYYcMarch2019 2ddc 00102ddc40708BaccahaMAINbMAINc1STd2019-03-26ePurchaseg403.00h175l0o621.381542 SOLp000043294r2025-07-15 00:00:00v503.75yBB